Prime Numbers to 100 - Sudden Death - Statistics

General Stats
  • This quiz has been taken 7,817 times
    7,812 since last reset
  • The average score is 14 of 25
Answers on the Grid
Answers color-coded by a green-red scale on the quiz's grid according to % correct below.
1
2
3
4
5
6
7
8
9
10
11
12
13
14
15
16
17
18
19
20
21
22
23
24
25
26
27
28
29
30
31
32
33
34
35
36
37
38
39
40
41
42
43
44
45
46
47
48
49
50
51
52
53
54
55
56
57
58
59
60
61
62
63
64
65
66
67
68
69
70
71
72
73
74
75
76
77
78
79
80
81
82
83
84
85
86
87
88
89
90
91
92
93
94
95
96
97
98
99
100
 
Answer Stats
Answer % Correct
3
92%
7
91%
2
89%
5
89%
11
86%
13
85%
17
84%
19
80%
23
80%
31
68%
37
68%
29
67%
41
54%
43
54%
47
53%
53
34%
59
24%
61
24%
67
24%
71
23%
73
23%
79
21%
83
21%
97
16%
89
15%
No matching quizzes found
Score Distribution
Percent of People with Each Score
Percentile by Number Answered
Your Score History
You have not taken this quiz since the last reset